000 00613cam a22002171 4500
001 g 01000411
003 DLC
005 20260227111251.0
008 940610s1897 gw 000 0 ger
010 _ag 01000411
035 _a(OCoLC)30592960
040 _aDLC
_cCU
_dDLC
042 _apremarc
050 0 0 _aBX8301414
_b.B6
100 1 _aBlumenthal, Hermann Friedrich Thomas,
_d1861-
245 0 4 _aDie vorgeschichte des Constanzer concils bis zur berufung ...
260 _aHalle a.S.,
_bC.A. Kaemmerer Co.,
_c1897.
300 _a131, [1] p.
_c23 cm.
502 _aInaug.-diss.--Halle.
500 _aVita.
999 _c23460
_d23460